Masters of Bhutanese Traditional Music Volume 1 (Record no. 9414)

MARC details
000 -LEADER
fixed length control field 00398nam a22001457a 4500
008 - FIXED-LENGTH DATA ELEMENTS--GENERAL INFORMATION
fixed length control field 230314b |||||||| |||| 00| 0 eng d
020 ## - INTERNATIONAL STANDARD BOOK NUMBER
International Standard Book Number 978-0-615-40583-4
082 ## - DEWEY DECIMAL CLASSIFICATION NUMBER
Classification number 781
100 ## - MAIN ENTRY--PERSONAL NAME
Personal name Janet Herman and Kheng Sonam Dorji
245 ## - TITLE STATEMENT
Title Masters of Bhutanese Traditional Music Volume 1
260 ## - PUBLICATION, DISTRIBUTION, ETC.
Name of publisher, distributor, etc. Music of Bhutan Research Center
300 ## - PHYSICAL DESCRIPTION
Extent 58 p.
Dimensions 21.5 cm
500 ## - GENERAL NOTE
General note with CD
942 ## - Added entry Elements (Koha)
Source of classification or shelving scheme Dewey Decimal Classification
Holdings
Withdrawn status Lost status Source of classification or shelving scheme Damaged status Not for loan Collection code Home library Current library Shelving location Date acquired Serial Enumeration / chronology Total Checkouts Full call number Barcode Date last seen Price effective from Koha item type
    Dewey Decimal Classification     Special collections RTC Library RTC Library Special collections 14/03/2023 177228   781 HER 30018661 14/03/2023 14/03/2023 Special Collections
Royal Thimphu College || All Right Reserved